| 000 | 00645nam a22002057a 4500 | ||
|---|---|---|---|
| 999 |
_c157817 _d157817 |
||
| 005 | 20181003124026.0 | ||
| 010 | _aENG-124160 | ||
| 020 |
_a9789353160500 _c625.00 |
||
| 035 | _aEN-107692 | ||
| 037 | _bDBAD/PUB. | ||
| 082 | _a671.4 | ||
| 100 | _aRao, P N | ||
| 245 |
_aManufacturing technology vol.-I: _cby P N Rao _bfoundry, forming and welding / |
||
| 250 | _a5th ed. | ||
| 260 |
_bTata McGraw Hill _c2019 _aNew Delhi |
||
| 270 |
_aP-24, Green Park Extnsion _bNew Delhi _e110016 |
||
| 300 |
_avarious paging _c25cm(pbk) _bill. |
||
| 500 | _aIt includes appendix, bibliography and index | ||
| 942 |
_2ddc _cEN _mRAO _h671.4 |
||